000 00543nam a22001817a 4500
003 BD-DhJNU
005 20250812052609.0
008 250812b |||||||| |||| 00| 0 eng d
040 _aBD-DhJNU
_bENG
_cBD-DhJNU
_dBD-DhJNU
082 _223
_a973 PAU
100 _aParkes, Henry Bamford
245 _aThe united states of America /
_cHenry Bamford Parkes
260 _aCalcutta :
_bScientific book agency,
_c1959.
300 _axviii, 783p.
_bill. ;
_c24 cm.
504 _aIncludes index
650 _aUnited States
_xHistory
942 _2ddc
_cBK
_n0
999 _c1988
_d1988